<?xml version="1.0" encoding="UTF-8"?>
<record
    xmlns:xsi="http://www.w3.org/2001/XMLSchema-instance"
    xsi:schemaLocation="http://www.loc.gov/MARC21/slim http://www.loc.gov/standards/marcxml/schema/MARC21slim.xsd"
    xmlns="http://www.loc.gov/MARC21/slim">

  <leader>02799am aa2200469i 44500</leader>
  <controlfield tag="003">    PE-LiUPU</controlfield>
  <controlfield tag="005">20251030103728.0</controlfield>
  <controlfield tag="008">    1909s2019    sp#a     rb    001 0 spa d</controlfield>
  <datafield tag="020" ind1=" " ind2=" ">
    <subfield code="a">9788491102793</subfield>
    <subfield code="q">(versi&#xF3;n impresa + versi&#xF3;n digital)</subfield>
  </datafield>
  <datafield tag="020" ind1=" " ind2=" ">
    <subfield code="a">9788491102809</subfield>
    <subfield code="q">(versi&#xF3;n digital)</subfield>
  </datafield>
  <datafield tag="035" ind1=" " ind2=" ">
    <subfield code="a">PE-LiUPU000058</subfield>
  </datafield>
  <datafield tag="040" ind1=" " ind2=" ">
    <subfield code="a">PE-LiUPU</subfield>
    <subfield code="b">spa</subfield>
    <subfield code="c">PE-LiUPU</subfield>
    <subfield code="e">rda</subfield>
  </datafield>
  <datafield tag="082" ind1="0" ind2="4">
    <subfield code="a">615.1</subfield>
    <subfield code="2">23</subfield>
    <subfield code="b">S697f</subfield>
  </datafield>
  <datafield tag="100" ind1=" " ind2=" ">
    <subfield code="a">Somoza Hern&#xE1;ndez, Beatriz,</subfield>
    <subfield code="e">autora.</subfield>
    <subfield code="9">7494</subfield>
  </datafield>
  <datafield tag="245" ind1="1" ind2="0">
    <subfield code="a">Farmacolog&#xED;a en enfermer&#xED;a :</subfield>
    <subfield code="b">teor&#xED;a y casos pr&#xE1;cticos /</subfield>
    <subfield code="c">por Beatriz Somoza Hern&#xE1;ndez, Mar&#xED;a Victoria Cano Gonz&#xE1;lez y Pedro Guerra L&#xF3;pez.</subfield>
  </datafield>
  <datafield tag="250" ind1=" " ind2=" ">
    <subfield code="a">2.&#xAA; edici&#xF3;n.</subfield>
  </datafield>
  <datafield tag="264" ind1=" " ind2="1">
    <subfield code="a">Madrid :</subfield>
    <subfield code="b">Editorial M&#xE9;dica Panamericana,</subfield>
    <subfield code="c">2019 (reimpresi&#xF3;n digital, marzo 2023).</subfield>
  </datafield>
  <datafield tag="300" ind1=" " ind2=" ">
    <subfield code="a">266 p&#xE1;ginas :</subfield>
    <subfield code="b">ilustraciones, tablas ;</subfield>
    <subfield code="c">27 cm +</subfield>
    <subfield code="e">1 versi&#xF3;n digital complementaria.</subfield>
  </datafield>
  <datafield tag="336" ind1=" " ind2=" ">
    <subfield code="a">texto</subfield>
    <subfield code="b">txt</subfield>
    <subfield code="2">rdacontent</subfield>
  </datafield>
  <datafield tag="337" ind1=" " ind2=" ">
    <subfield code="a">sin mediaci&#xF3;n</subfield>
    <subfield code="b">n</subfield>
    <subfield code="2">rdamedia</subfield>
  </datafield>
  <datafield tag="338" ind1=" " ind2=" ">
    <subfield code="a">volumen</subfield>
    <subfield code="b">nc</subfield>
    <subfield code="2">rdacarrier</subfield>
  </datafield>
  <datafield tag="500" ind1=" " ind2=" ">
    <subfield code="a">Incluye casos pr&#xE1;cticos interactivos y autoevaluaciones en l&#xED;nea.</subfield>
  </datafield>
  <datafield tag="500" ind1=" " ind2=" ">
    <subfield code="a">Dep&#xF3;sito legal: M-29747-2019.</subfield>
  </datafield>
  <datafield tag="500" ind1=" " ind2=" ">
    <subfield code="a">Primera edici&#xF3;n, marzo 2012; segunda edici&#xF3;n, 2019; primera reimpresi&#xF3;n digital, marzo 2023.</subfield>
  </datafield>
  <datafield tag="504" ind1=" " ind2=" ">
    <subfield code="a">Incluye referencias bibliogr&#xE1;ficas y recursos web recomendados.</subfield>
  </datafield>
  <datafield tag="505" ind1="0" ind2=" ">
    <subfield code="a">Farmacolog&#xED;a general -- Farmacolog&#xED;a de &#xF3;rganos y sistemas -- Farmacolog&#xED;a en situaciones cr&#xED;ticas -- &#xED;ndice Anal&#xED;tico.</subfield>
  </datafield>
  <datafield tag="520" ind1=" " ind2=" ">
    <subfield code="a">Manual actualizado que integra los fundamentos te&#xF3;ricos de la farmacolog&#xED;a con su aplicaci&#xF3;n pr&#xE1;ctica en enfermer&#xED;a. Presenta casos cl&#xED;nicos, par&#xE1;metros farmacocin&#xE9;ticos, errores frecuentes de medicaci&#xF3;n y gu&#xED;as para la administraci&#xF3;n segura de f&#xE1;rmacos en pacientes cr&#xED;ticos. Recurso de referencia para estudiantes y profesionales de enfermer&#xED;a.</subfield>
  </datafield>
  <datafield tag="546" ind1=" " ind2=" ">
    <subfield code="a">Texto en espa&#xF1;ol.</subfield>
  </datafield>
  <datafield tag="650" ind1="1" ind2="4">
    <subfield code="a">Farmacolog&#xED;a</subfield>
    <subfield code="x">Estudio y ense&#xF1;anza.</subfield>
    <subfield code="9">7495</subfield>
  </datafield>
  <datafield tag="650" ind1="2" ind2="4">
    <subfield code="a">Medicamentos</subfield>
    <subfield code="x">Administraci&#xF3;n</subfield>
    <subfield code="9">7497</subfield>
  </datafield>
  <datafield tag="650" ind1="2" ind2="4">
    <subfield code="a">Errores de medicaci&#xF3;n</subfield>
    <subfield code="x">Prevenci&#xF3;n.</subfield>
    <subfield code="9">7498</subfield>
  </datafield>
  <datafield tag="650" ind1="2" ind2="4">
    <subfield code="a">Cuidados intensivos</subfield>
    <subfield code="x">Farmacolog&#xED;a aplicada.</subfield>
    <subfield code="9">7499</subfield>
  </datafield>
  <datafield tag="650" ind1="2" ind2="4">
    <subfield code="a">Educaci&#xF3;n en enfermer&#xED;a</subfield>
    <subfield code="x">Materiales de ense&#xF1;anza.</subfield>
    <subfield code="9">7500</subfield>
  </datafield>
  <datafield tag="655" ind1=" " ind2="7">
    <subfield code="a">Manuales universitarios</subfield>
    <subfield code="2">rdfs</subfield>
  </datafield>
  <datafield tag="700" ind1=" " ind2=" ">
    <subfield code="a">Cano Gonz&#xE1;lez, Mar&#xED;a Victoria,</subfield>
    <subfield code="e">autora.</subfield>
    <subfield code="9">7501</subfield>
  </datafield>
  <datafield tag="700" ind1=" " ind2=" ">
    <subfield code="a">Guerra L&#xF3;pez, Pedro,</subfield>
    <subfield code="e">autor.</subfield>
    <subfield code="9">7502</subfield>
  </datafield>
  <datafield tag="710" ind1=" " ind2=" ">
    <subfield code="a">Editorial M&#xE9;dica Panamericana,</subfield>
    <subfield code="e">editor.</subfield>
    <subfield code="9">6616</subfield>
  </datafield>
  <datafield tag="856" ind1="4" ind2="0">
    <subfield code="u">https://www.medicapanamericana.com/libros/farmacologia-en-enfermeria-teoria-y-casos-practicos</subfield>
    <subfield code="z">Acceso a la versi&#xF3;n digital y materiales complementarios.</subfield>
  </datafield>
  <datafield tag="942" ind1=" " ind2=" ">
    <subfield code="2">ddc</subfield>
    <subfield code="c">BK</subfield>
  </datafield>
  <datafield tag="980" ind1=" " ind2=" ">
    <subfield code="6">21515</subfield>
    <subfield code="a">ROMINA COBOS Adquisiciones</subfield>
    <subfield code="8">18226</subfield>
    <subfield code="g">Jaime Vilcaz&#xE1;n Jefe de An&#xE1;lisis Documental</subfield>
  </datafield>
  <datafield tag="999" ind1=" " ind2=" ">
    <subfield code="c">63138</subfield>
    <subfield code="d">63137</subfield>
  </datafield>
  <datafield tag="952" ind1=" " ind2=" ">
    <subfield code="r">2026-05-13 17:46:23</subfield>
    <subfield code="l">1</subfield>
    <subfield code="o">615.1 S697f</subfield>
    <subfield code="p">82871</subfield>
    <subfield code="s">2026-05-08</subfield>
    <subfield code="t">e1</subfield>
    <subfield code="v">55.00</subfield>
    <subfield code="w">2025-10-23</subfield>
    <subfield code="x">FCS</subfield>
    <subfield code="y">BK</subfield>
    <subfield code="1">0</subfield>
    <subfield code="2">ddc</subfield>
    <subfield code="5">0</subfield>
    <subfield code="7">0</subfield>
    <subfield code="8">GEN</subfield>
    <subfield code="f">P22</subfield>
    <subfield code="a">BUL</subfield>
    <subfield code="b">BUL</subfield>
    <subfield code="c">GEN</subfield>
    <subfield code="d">2025-10-20</subfield>
    <subfield code="e">COMPRA</subfield>
    <subfield code="g">50.00</subfield>
  </datafield>
</record>
